000 00730nam a2200289Ia 4500
005 20260324150308.0
008 008 260324s9999 xx 000 0 eng d
020 _a9780203145456
037 _aEBOOK
040 _aCRL
040 _beng
040 _cCRL
041 _2eng
041 _aeng
084 _qCRL
100 _aRaymond Firth
_91170549
245 0 _aRank and Religion in Tikopia (Routledge Revivals)
245 2 _bA Study in Polynesian Paganism and Conversion to Christianity.
260 _bTaylor and Francis
260 _c1970
365 _a
365 _b290
856 _uhttp://www.taylorfrancis.com/books/9780203145456
942 _cEBOOK
999 _c1835137
_d1835137